Hướng dẫn thiết kế hệ thống lạnh

Sách cung cấp phương pháp tính toán thiết kế hệ thống lạnh: xác định số liệu ban đàu, thiết kế thể tích và mặt bằng kho lạnh, tính toán cấu trúc và cách nhiệt kho lạnh, tính nhiệt kho lạnh, chọn các phương pháp làm lạnh, chọn thiết bị kê...

Deskribapen osoa

Gorde:
Xehetasun bibliografikoak
Egile nagusia: Nguyễn Đức Lợi
Formatua: Liburua
Hizkuntza:Undetermined
Argitaratua: H. KHKT 2002
Gaiak:
Etiketak: Etiketa erantsi
Etiketarik gabe, Izan zaitez lehena erregistro honi etiketa jartzen!
Thư viện lưu trữ: Trung tâm Học liệu Trường Đại học Cần Thơ
LEADER 01273nam a2200205Ia 4500
001 CTU_57980
008 210402s9999 xx 000 0 und d
020 |b 39000 
082 |a 621.56 
082 |b L462 
100 |a Nguyễn Đức Lợi 
245 0 |a Hướng dẫn thiết kế hệ thống lạnh 
245 0 |c Nguyễn Đức Lợi 
260 |a H. 
260 |b KHKT 
260 |c 2002 
520 |a Sách cung cấp phương pháp tính toán thiết kế hệ thống lạnh: xác định số liệu ban đàu, thiết kế thể tích và mặt bằng kho lạnh, tính toán cấu trúc và cách nhiệt kho lạnh, tính nhiệt kho lạnh, chọn các phương pháp làm lạnh, chọn thiết bị kết đông nhanh thực phẩm, xây dựng sơ đồ hệ thống lạnh, tính toán các chu trình lạnh, tính chọn máy nén, các thiết bị chính, phụ và các thiết bị kèm theo với thiết bị tự động điều khiển, điều chỉnh, báo hiệu và bảo vệ 
650 |a low temperature engineering 
904 |i Minh, 990302 
980 |a Trung tâm Học liệu Trường Đại học Cần Thơ